Administración de personal
Gespeichert in:
| 1. Verfasser: | |
|---|---|
| Format: | Buch |
| Sprache: | Spanisch |
| Veröffentlicht: |
Ciudad de México
Pearson Educación
2001
|
| Ausgabe: | 8a. ed |
| Schlagworte: | |
| Tags: |
Tag hinzufügen
Keine Tags, Fügen Sie den ersten Tag hinzu!
|
MARC
| LEADER | 00000nam a2200000 a 4500 | ||
|---|---|---|---|
| 001 | UCM4407 | ||
| 003 | CL-VaPUC | ||
| 008 | 020823e20010000MX |||||||||||||||||spa|d | ||
| 020 | |a 9684444885 | ||
| 082 | 0 | 4 | |a 658.3 |b DES |2 21 |
| 100 | 0 | |a Dessler, Gary |e author |9 470941 | |
| 245 | 1 | 0 | |a Administración de personal |
| 250 | |a 8a. ed | ||
| 300 | |a 700 p | ||
| 942 | |c BK | ||
| 945 | |d 20020823 00:00:00 |a vberengu | ||
| 260 | |a Ciudad de México |b Pearson Educación |c 2001 | ||
| 650 | 0 | |a Administración del personal |9 260442 | |
| 650 | 0 | |a Recursos humanos |9 228420 | |
| 650 | 0 | |a Empleo |9 339124 | |
| 650 | 7 | |a SELECCION DEL PERSONAL |2 CL-VaPUC |9 324534 | |
| 650 | 7 | |a CAPACITACION LABORAL |2 CL-VaPUC |9 411356 | |
| 650 | 0 | |a Salarios |9 255321 | |
| 650 | 0 | |a Relaciones laborales |9 335971 | |
| 650 | 0 | |a Sindicatos |9 255034 | |
| 650 | 0 | |a Seguridad laboral |9 462968 | |
| 583 | |a last modification |c 20020823 00:00:00 |k Rodrigo Vera | ||
| 999 | |c 301127 |d 301125 | ||
| 952 | |0 0 |1 0 |2 ddc |4 0 |6 658_300000000000000_DES_2001 |7 0 |8 A |9 359849 |a BIBMEC |b BIBMEC |d 2019-11-21 |i 3838935 |l 1 |o 658.3 DES 2001 |p 3838935 |r 2024-05-27 |s 2024-05-27 |w 2019-11-21 |y BK_P |k MEC | ||
| 952 | |0 0 |1 0 |4 0 |6 658_300000000000000_DES_2001 |7 0 |8 R |9 359850 |a BIBMEC |b BIBMEC |d 2019-11-21 |i 3838943 |o 658.3 DES 2001 |p 3838943 |r 2019-11-21 |w 2019-11-21 |y BK_R |k MEC | ||
| 952 | |0 0 |1 0 |2 ddc |4 0 |6 658_300000000000000_DES_2001 |7 0 |8 R |9 359851 |a BIBMEC |b BIBMEC |d 2019-11-21 |i 3838951 |o 658.3 DES 2001 |p 3838951 |r 2024-01-19 |w 2019-11-21 |y BK_P |k MEC | ||
| 952 | |0 0 |1 0 |4 0 |6 658_300000000000000_DES_2001 |7 0 |8 A |9 359852 |a BIBING |b BIBING |d 2019-11-21 |i 3955699 |o 658.3 DES 2001 |p 3955699 |r 2025-01-20 |w 2019-11-21 |y BK |k EIQ | ||
| 952 | |0 0 |1 0 |4 0 |6 658_300000000000000_DES_2001 |7 0 |8 A |9 359853 |a BIBING |b BIBING |d 2019-11-21 |i 3955680 |o 658.3 DES 2001 |p 3955680 |r 2025-01-20 |w 2019-11-21 |y BK |k EIQ | ||
| 952 | |0 0 |1 0 |4 0 |6 658_300000000000000_DES_2001 |7 0 |8 A |9 359854 |a BIBDER |b BIBDER |d 2019-11-21 |i 4089995 |o 658.3 DES 2001 |p 4089995 |r 2023-01-25 |w 2019-11-21 |y BK |k DER | ||